Southville International School and Colleges
Your cart is empty.
  • Cart
  • Lists
    Public lists Eva Luna New books Lux_list list_1
    Your lists Log in to create your own lists
  • Log in to your account
  • Your cookies
  • Search history
Southville International School and Colleges
  • Advanced search
  • Recent comments
  • Most popular
  • Libraries

Log in to your account

Log in with GOOGLE


If you do not have an external account, but do have a local account, you can still log in:

  1. Home
  2. MARC view: How to avoid illnesses and accidents
Normal view MARC view ISBD view

How to avoid illnesses and accidents (Record no. 12021)

[ view plain ]
MARC details
000 -LEADER
fixed length control field 00521nam a22001937a 4500
003 - CONTROL NUMBER IDENTIFIER
control field PILC
005 - DATE AND TIME OF LATEST TRANSACTION
control field 20151020102935.0
008 - FIXED-LENGTH DATA ELEMENTS--GENERAL INFORMATION
fixed length control field 130320t xxu||||| |||| 00| 0 eng d
020 ## - INTERNATIONAL STANDARD BOOK NUMBER
International Standard Book Number 8171815324
050 ## - LIBRARY OF CONGRESS CALL NUMBER
Classification number E 612
Item number .G884 1998
082 ## - DEWEY DECIMAL CLASSIFICATION NUMBER
Classification number E 612
Item number W 559
245 ## - TITLE STATEMENT
Title How to avoid illnesses and accidents
260 ## - PUBLICATION, DISTRIBUTION, ETC. (IMPRINT)
Place of publication, distribution, etc New Delhi :
Name of publisher, distributor, etc Learner's Press Private Limited,
Date of publication, distribution, etc 1998.
300 ## - PHYSICAL DESCRIPTION
Extent 88 p. ;
Dimensions 17 cm.
651 ## - SUBJECT ADDED ENTRY--GEOGRAPHIC NAME
Geographic name Hygiene
9 (RLIN) 21478
651 ## - SUBJECT ADDED ENTRY--GEOGRAPHIC NAME
Geographic name Accident
General subdivision prevention
9 (RLIN) 21479
942 ## - ADDED ENTRY ELEMENTS (KOHA)
Source of classification or shelving scheme Library of Congress Classification
Koha item type Books
Holdings
Withdrawn status Lost status Source of classification or shelving scheme Damaged status Home library Current library Shelving location Date acquired Total Checkouts Full call number Barcode Date last seen Copy number Price effective from Koha item type
    Library of Congress Classification   Luxembourg Library Luxembourg Library Grade School Section 09/24/2013   E 612 .G884 1998 9741 05/25/2015 1 09/24/2013 Books

How to avoid illnesses and accidents

APA

(1998). How to avoid illnesses and accidents. New Delhi: Learner's Press Private Limited.

Chicago

1998. How to avoid illnesses and accidents. New Delhi: Learner's Press Private Limited.

Harvard

(1998). How to avoid illnesses and accidents. New Delhi: Learner's Press Private Limited.

MLA

How to avoid illnesses and accidents. New Delhi: Learner's Press Private Limited. 1998.

  • Place hold
  • Print
  • Cite
  • Add to your cart (remove)
  • Save record
    BIBTEX Dublin Core MARCXML MARC (non-Unicode/MARC-8) MARC (Unicode/UTF-8) MARC (Unicode/UTF-8, Standard) MODS (XML) RIS
  • More searches
    Search for this title in:
    Other Libraries (WorldCat) Other Databases (Google Scholar) Online Stores (Bookfinder.com) Open Library (openlibrary.org)

Exporting to Dublin Core...

SOUTHVILLE LIBRARY

Southville International School and Colleges Library

1281 Tropical Ave. Cor. Luxembourg St., BF Homes International, Las Pinas City

Tel. No. 8256374 / 252358 Loc. 117/146

Powered by Koha